Countries by national animal - Statistics

General Stats
  • This quiz has been taken 27 times
  • The average score is 11 of 16
Answer Stats
Picture Answer % Correct
Canada
100%
China
100%
Australia
96%
United States
96%
Russia
91%
Indonesia
83%
Madagascar
78%
Saudi Arabia
74%
Brazil
70%
South Africa
70%
Thailand
70%
Spain
65%
Italy
43%
Bahamas
30%
Greece
17%
Romania
13%
No matching quizzes found
Score Distribution
Percent of People with Each Score
Percentile by Number Answered
Your Score History
You have not taken this quiz